00777nam a2200193 a 450000100100000000500170001000800410002704000250006810000340009324000190012724500620014626000720020830000260028050000470030670000370035304900090039095201670039999900170056600001681720200929164951.0100310s1940 dr 000 0 spa d aDO-SdBNPbspacBNPHU1 aRepública Dominicana93584310a[Leyes, etc. ]10aCódigo de procedimiento civil y leyes que lo completan. aCiudad Trujillo, República Dominicana :bEditora Montalvo,c1940. avii, 238 p. ;c25 cm. a"Edición preparada por F. Tavares hijo."1 aTavares, Froilán J. R.,912248 aBNPD 001050718RVaPDbPDcHDd2010-03-10iLF1l0o p16817-10r2020-06-25w2020-06-25y1zPerteneció a la biblioteca personal de Julio Ortega Frier.ZNo se presta c16349d16349